00941 2200229 4500001002100000005001500021035002000036008004100056020001800097041000800115082000800123084001400131100001700145245004300162250001200205260003900217300003200256504001500288520036500303650001700668990002600685INLIS00000000000617920221012091233 a0010-0520006179221012 | | ind  a979-408-156-6 aind a117 a117 RID t0 aRidwan Halim1 aTri Egonegatif Kontra P4 & Hukum Karma acet . 1 aJakarta :bPradnya Paramita,c1987 axi, 92 hlm.; 21 cm ;c21 cm ahlm 90-92. aKeserbaduaan seakan-akan menjadi esensi dan eksistensi kodrati dwinilai yang setidak-tidaknya akan selalu mewarnai kehidupan dunia ini. Bila ada kebaikan sebagai kutub nilai maka sudah pasti ada keburukan sebagai kutub nilai lainnya. Sikap tindak orang dalam kehidupan duniawi berakar pada segitiga ego negatif, yaitu egoisme, egosentrisme dan egomaniakalisme. 4aEtika Sosial a06691/MKRI-P/XII-2007